000 00800nam a2200181Ia 4500
008 090124s9999 xx 000 0 und d
082 _b24312
_a3054
100 _aपाठक गंगाधर रामचंद्र (बलराम नांगरे)
245 _a निबंध आणि कल्पना विस्तार
250 _a3
260 _c1984
300 _a216
600 _aपाठक गंगाधर रामचंद्र (बलराम नांगरे)
630 _a निबंध आणि कल्पना विस्तार
700 _aपाठक गंगाधर रामचंद्र (बलराम नांगरे)
730 _a निबंध आणि कल्पना विस्तार
942 _cBOOK
999 _c137878
_d137878